000 01199nam a22001577a 4500
020 _a0070507759
040 _cNUST
082 _a005.74,RAM
100 _aRamakrishnan, Raghu
_995072
245 _aDatabase management systems /
_cRaghu Ramakrishnan, Johannes Gehrke.
260 _aAmerica
_bMcGraw Hill
_c1998
300 _axxvi,741 p.;
505 _a Introduction to database Design (Page-1), The Relational Model (Page-21), storing Data : Disks and Files (Page-38), File Organization and Index (Page-67), Tree-Structures Indexing (Page-84), Security, Views, and SQL (PAge-226), Query- By- Example (QBE), Evaluation of relational Operators (Page-271), relational Query Optimization (Page-310), Conceptual Design and The ER Model (Page-357), schema Refinement and Normal Forms (Page-395), Physical Database Design and Tuning (Page-436), Concurrency Control (Page-476), Crash Recovery (Page- 519), Parallel and Distributed Databases (Page-544), Deductive and Active Database (Page-589), Object Database Systems (Page-614), Decision Support Systems (Page-650), Additional Topics (page-6820, The Minibase Software (Page-692).
650 _aDatabase Management
942 _2ddc
_cREF
_k005.74,RAM
999 _c616919
_d616919